| 000 -LEADER |
| fixed length control field |
00612 a2200193 4500 |
| 008 - FIXED-LENGTH DATA ELEMENTS--GENERAL INFORMATION |
| fixed length control field |
221018b ||||| |||| 00| 0 eng d |
| 020 ## - INTERNATIONAL STANDARD BOOK NUMBER |
| International Standard Book Number |
9788126542734 |
| 082 00 - DEWEY DECIMAL CLASSIFICATION NUMBER |
| Classification number |
621.4022 |
| Item number |
I379 |
| 245 ## - TITLE STATEMENT |
| Title |
Principles of Heat and Mass Transfer / |
| 250 ## - EDITION STATEMENT |
| Edition statement |
7th ed., International Student Version. |
| 260 ## - PUBLICATION, DISTRIBUTION, ETC. (IMPRINT) |
| Place of publication, distribution, etc |
New Delhi: |
| Name of publisher, distributor, etc |
Wiley, |
| Date of publication, distribution, etc |
2016. |
| 300 ## - PHYSICAL DESCRIPTION |
| Extent |
xxiii, 1048 p. |
| 650 #0 - SUBJECT ADDED ENTRY--TOPICAL TERM |
| Topical term or geographic name as entry element |
Heat Transmission |
| 700 ## - ADDED ENTRY--PERSONAL NAME |
| 9 (RLIN) |
5316 |
| Personal name |
Incropera, Frank P. |
|
| 9 (RLIN) |
5317 |
| Personal name |
Dewitt, David P. |
|
| 9 (RLIN) |
5318 |
| Personal name |
Bergman, Theodore L. |
|
| 9 (RLIN) |
5319 |
| Personal name |
Lavine, Adrienne S. |
| 942 ## - ADDED ENTRY ELEMENTS (KOHA) |
| Source of classification or shelving scheme |
|
| Item type |
Books |